Movies Quiz

Random Movies or Disney Quiz

Disney textar (íslenska) 7 Quiz Stats

 Plays Quiz not verified by Sporcle

Score 0/219 Timer 15:00
0 Plays Today
% Correct
Ég
100%
ég
100%
Ég
100%
ég
100%
ég
100%
ég
100%
Ég
100%
mig
100%
Ég
100%
ég
100%
ég
100%
ég
100%
ég
100%
og
91.7%
aldrei
91.7%
það
91.7%
og
91.7%
er
91.7%
Þú
91.7%
þú
91.7%
það
91.7%
Það
91.7%
Það
91.7%
þú
91.7%
og
91.7%
þér
91.7%
er
91.7%
er
91.7%
þú
91.7%
þig
91.7%
er
91.7%
er
91.7%
og
91.7%
er
91.7%
og
91.7%
er
91.7%
og
91.7%
83.3%
en
83.3%
mínu
83.3%
En
83.3%
svo
83.3%
En
83.3%
83.3%
83.3%
ætla
75%
75%
verða
75%
konungur
75%
voldugur
75%
75%
kóng
75%
svona
75%
ætla
75%
75%
verða
75%
verður
75%
ekkert
75%
yfir
75%
ætla
75%
75%
verða
75%
kóngur
75%
Ef
75%
sem
75%
sem
75%
var
75%
sem
75%
mun
75%
sem
75%
75%
Kóngur
75%
ef
75%
% Correct
Ef
75%
svona
75%
mína
75%
ætla
75%
75%
verða
75%
kóngur
75%
sem
75%
75%
verða
75%
kóngur
75%
verður
75%
kóngur
75%
ætla
75%
75%
verða
75%
kóngur
75%
verður
75%
kóngur
75%
verða
75%
kóngur
75%
klár
66.7%
áður
66.7%
lítið
66.7%
hár
66.7%
vöðvafjall
66.7%
öskra
66.7%
rosa
66.7%
hátt
66.7%
klár
66.7%
við
66.7%
66.7%
til
66.7%
við
66.7%
gera
66.7%
hvað
66.7%
66.7%
til
66.7%
klár
66.7%
klár
66.7%
klár)
66.7%
klár
66.7%
klár)
66.7%
klár
66.7%
með
58.3%
smátt
58.3%
Vaka
58.3%
ríki
58.3%
farðu
58.3%
sjáðu
58.3%
Sjáðu
58.3%
Þetta
58.3%
þann
58.3%
Enginn
50%
segir
50%
komdu
50%
Enginn
50%
segir
50%
Enginn
50%
segir
50%
Enginn
50%
segir
50%
kominn
50%
tími
50%
hlustir
50%
getur
50%
hann
50%
vill
50%
sett
50%
honum
50%
skal
50%
agnarsmár
41.7%
inn
41.7%
% Correct
sagði
41.7%
út
41.7%
nudd
41.7%
í
41.7%
á
41.7%
tappa
41.7%
upp
41.7%
í
41.7%
komið
41.7%
kóngurinn
41.7%
naut
41.7%
upp
41.7%
í
41.7%
í
41.7%
á
41.7%
í
41.7%
Ennþá
33.3%
árangurinn
33.3%
fremur
33.3%
ennþá
33.3%
ungi
33.3%
herra
33.3%
heldur
33.3%
átti
33.3%
hættu
33.3%
ekki
33.3%
Laus
33.3%
nuð
33.3%
Ekki
33.3%
ennþá
33.3%
Simbi
33.3%
ár
33.3%
Því
33.3%
Simbi
33.3%
Simbi
33.3%
átt
25%
ýmislegt
25%
ólært
25%
Heyrðu
25%
skilur
25%
konungdæmi
25%
braut
25%
óþolandi
25%
sármóðgaður
16.7%
svíf
16.7%
forkastanlegt
16.7%
fár
16.7%
Allir
16.7%
horfa
16.7%
austur
16.7%
Allir
16.7%
horfa
16.7%
vestur
16.7%
Allir
16.7%
horfa
16.7%
allra
16.7%
ljóna
16.7%
mestur
16.7%
Sérhver
16.7%
skepna
16.7%
syngur
16.7%
óð
16.7%
Sauðnautin
16.7%
krókódílastóð
16.7%
ríkir
16.7%
sæll
16.7%
þúsund
16.7%
(Víst
16.7%
(Víst
16.7%
AH
8.3%
segji
8.3%
vinnu
8.3%
tæla
0%

You're not logged in!

Compare scores with friends on all Sporcle quizzes.
OR
Log In

Show Comments

Extras

Created Feb 20, 2012ReportNominate
Tags:Disney Quiz

Top Quizzes Today


Score Distribution

Your Account Isn't Verified!

In order to create a playlist on Sporcle, you need to verify the email address you used during registration. Go to your Sporcle Settings to finish the process.

Report this User

Report this user for behavior that violates our Community Guidelines.

Details: